| 000 | 00706nam a22002177a 4500 | ||
|---|---|---|---|
| 003 | LK-CoMWRAF | ||
| 005 | 20231115154635.0 | ||
| 008 | 231028b2007 |||||||| |||| 00| 0 eng d | ||
| 020 | _a9789792591040 | ||
| 040 |
_aLK-CoMWRAF _dLK-CoMWRAF _eLK-CoMWRAF |
||
| 041 | _aeng | ||
| 082 |
_a297.5 _bKOD |
||
| 100 | _aKodir, Faqihuddin Abdul | ||
| 245 |
_aHadith and Gender Justice: _bUnderstanding the Prophetic Traditions |
||
| 260 |
_aCirebon : _bFahmina Institute, _c2007 |
||
| 300 |
_axxvi, 221 p.; 16 cm _bBibliography included |
||
| 650 | _aDOMESTIC RELATIONS (Islamic law) | ||
| 650 | _aGender-Hadits | ||
| 856 | _uhttps://kupipedia.id/images/6/6c/Book_Hadith_and_Gender_Justice.pdf | ||
| 942 | _cBK | ||
| 999 |
_c4037 _d4037 |
||